00362pab a2200133 454500008004000000100002300040245007300063260000900136300001500145362000800160650000900168700002500177773002600202180718b2013 xxu||||| |||| 00| 0 eng d aHota, Sanjib Kumar aResource productivity and technical efficiency of rice (paddy) farms c2013 ap.403-417. aDec aRice aDebapriya, Aryashree aAsian Economic Review